000 00426nam a2200169 a 4500
001 0000-8947
003 ELIB.Books
008 110520 1994
035 _a(ELIB.Books)0000-9095
082 _a230
_bSho
100 _aShorter, Aylward
245 _aToward a Theology of Inculturation
260 _bMaryknoll: Orbis Books
_c1994
650 _aTheology
942 _2ddc
_cBK
998 _cbat
_e2011-05-20
999 _c8947
_d8947